Использование методов и алгоритмов интеллектуального анализа в массовом импорте данных для корпоративных информационных систем; Технологии Microsoft в теории и практике программирования

Bibliographische Detailangaben
Parent link:Технологии Microsoft в теории и практике программирования.— 2012.— [С. 150-152]
1. Verfasser: Воронов Э. С.
Körperschaft: Национальный исследовательский Томский политехнический университет (ТПУ)
Zusammenfassung:Заглавие с титульного листа.
The article considers the approaches to the implementation of corporate information systems, how to implement the bulk import of data. Special attention is given to the main problems import of data. The article considers results of the research methods and data mining algorithms and it applying for import of data.
Sprache:Russisch
Veröffentlicht: 2012
Schriftenreihe:Геоинформационные системы и технологии
Schlagworte:
Online-Zugang:http://www.lib.tpu.ru/fulltext/c/2012/C28/055.pdf
Format: MixedMaterials Elektronisch Buchkapitel
KOHA link:https://koha.lib.tpu.ru/cgi-bin/koha/opac-detail.pl?biblionumber=611387

MARC

LEADER 00000naa2a2200000 4500
001 611387
005 20231101132644.0
035 |a (RuTPU)RU\TPU\conf\9138 
035 |a RU\TPU\conf\9136 
090 |a 611387 
100 |a 20150310d2012 k y0rusy50 ca 
101 0 |a rus  |d eng 
102 |a RU 
105 |a y z 100zy 
135 |a drgn ---uucaa 
181 0 |a i  
182 0 |a b 
200 1 |a Использование методов и алгоритмов интеллектуального анализа в массовом импорте данных для корпоративных информационных систем  |f Э. С. Воронов 
203 |a Текст  |c электронный 
215 |a 1 файл (442 Кб) 
225 1 |a Геоинформационные системы и технологии 
230 |a Электронные текстовые данные (1 файл : 442 Кб) 
300 |a Заглавие с титульного листа. 
320 |a [Библиогр.: с. 152 (3 назв.)] 
330 |a The article considers the approaches to the implementation of corporate information systems, how to implement the bulk import of data. Special attention is given to the main problems import of data. The article considers results of the research methods and data mining algorithms and it applying for import of data. 
337 |a Adobe Reader 
463 1 |0 (RuTPU)RU\TPU\conf\61  |t Технологии Microsoft в теории и практике программирования  |o сборник трудов IX Всероссийской научно-практической конференции студентов, аспирантов и молодых ученых, 21-22 марта 2012 г., г.Томск  |f Национальный исследовательский Томский политехнический университет (ТПУ), Институт кибернетики ; отв. ред. А. Р. Вахитов  |v [С. 150-152]  |d 2012 
610 1 |a электронный ресурс 
610 1 |a труды учёных ТПУ 
610 1 |a алгоритмы 
610 1 |a интеллектуальный анализ 
610 1 |a импорт 
610 1 |a данные 
610 1 |a корпоративные системы 
610 1 |a информационные системы 
610 1 |a морфологический анализ 
700 1 |a Воронов  |b Э. С. 
712 0 2 |a Национальный исследовательский Томский политехнический университет (ТПУ)  |c (2009- )  |2 stltpush  |3 (RuTPU)RU\TPU\col\15902 
801 2 |a RU  |b 63413507  |c 20150310  |g RCR 
856 4 |u http://www.lib.tpu.ru/fulltext/c/2012/C28/055.pdf 
942 |c BK